Don Rodrigo

Novela de caballerismo fuertemente inspirada en el Quijote de la mancha de Cervantes, que relata la historia de Don Rodrigo un caballero que busca fortuna propia tras ser desheredado por su padre. Asimismo, la narración pasa de elementos fantásticos a elementos más de fábula, haciendo un cambio en l...

Descrizione completa

Salvato in:
Dettagli Bibliografici
Autore principale: Dunsany Lord
Natura: Libro
Lingua:Undetermined
Pubblicazione: Barcelona, España Blanco Saten 1991
Soggetti:
Tags: Aggiungi Tag
Nessun Tag, puoi essere il primo ad aggiungerne!!

MARC

LEADER 00000nam a2200000Ia 4500
008 170316s9999 xx 000 0 und d
040 |a cru BVZT 
090 |a 820 D-12d 
100 |a Dunsany Lord 
245 |a Don Rodrigo 
260 |a Barcelona, España 
260 |b Blanco Saten 
260 |c 1991 
300 |a 264 páginas 
520 |a Novela de caballerismo fuertemente inspirada en el Quijote de la mancha de Cervantes, que relata la historia de Don Rodrigo un caballero que busca fortuna propia tras ser desheredado por su padre. Asimismo, la narración pasa de elementos fantásticos a elementos más de fábula, haciendo un cambio en la estructura del libro. 
650 |a LITERATURA INGLESA  |9 12 
999 |c 6827  |d 6827 
942 |c 15 D  |h 820 D-12d  |2 z